000 00704nam a22002654a 4500
001 UByD003379
003 AR-LpoUNG
005 20241126115434.0
008 241126b ag ||||| |||| 00| 0 spa d
020 _a950072023x
040 _aAR-LpoUNG
_bspa
_cAR-LpoUNG
_eaacr
041 0 _aspa
082 0 _a808.068 3 626cha
100 1 _aClemente, Horacio
245 1 3 _aEl chancho limpio
250 _a3ra. ed.
260 _aBuenos Aires :
_bSudamericana,
_c2006.
300 _a61 p. :
_bil.
505 _aSugerido a partir de 8 aƱos (etiqueta CELESTE).
650 4 _aLITERATURA
650 4 _aCUENTOS
653 0 _aLITERATURA INFANTOJUVENIL
700 1 _aVerona, Chachi
_eil.
942 _2ddc
_cLIB
999 _c66055
_d66055